Aktuální úkoly útvaru lidských zdrojů

Úloha rozvoja ľudských zdrojov v globálnom prostredí. Formovanie pracovnej sily. Starostlivosť o zamestnancov. Stimulácia a motivácia. Komunikácia. Programy a plánovanie. Personálne informácie a informatika. Spoluúčasť managementu.

Gespeichert in:
Bibliographische Detailangaben
1. Verfasser: Stýblo, Jiří
Format: Buchkapitel
Sprache:Tschechisch
Schlagworte:
Tags: Tag hinzufügen
Keine Tags, Fügen Sie das erste Tag hinzu!

MARC

LEADER 00000naa a2200000 4500
001 r034721
005 20231002100044.2
041 0 |a cze 
044 |a CZ 
245 1 0 |a Aktuální úkoly útvaru lidských zdrojů  |c Jiří Stýblo 
520 |a Úloha rozvoja ľudských zdrojov v globálnom prostredí. Formovanie pracovnej sily. Starostlivosť o zamestnancov. Stimulácia a motivácia. Komunikácia. Programy a plánovanie. Personálne informácie a informatika. Spoluúčasť managementu. 
610 2 0 |a útvary personálne 
610 2 0 |a zdroje ľudské 
610 2 0 |a globalizácia 
610 2 0 |a sily pracovné 
610 2 0 |a stimulovanie 
610 2 0 |a motivácia pracovná 
610 2 0 |a náplň pracovná 
610 2 0 |a manažéri 
100 1 |a Stýblo, Jiří